000 01201cam a22003011 4500
001 14763
003 BD-RjUL
005 20211208235704.0
008 140208s1961 paua 000 0 eng d
035 _a(BD-RjUL)14817
035 _a(OCoLC)1647044
040 _aDLC
_cFMU
_dDLC
_dBD-RjUL
_beng
041 _aeng
082 0 0 _a631.42
_bSYM 1961
110 2 _aASTM Committee D-18 on Soils for Engineering Purposes.
_945997
245 1 0 _aSymposium on nuclear methods for measuring soil density and moisture :
_bpresented at the sixty third annual meeting, American Society for Testing Materials, Atlantic City, N. J., June 27, 1960. /
260 _aPhiladelphia :
_bAmerican Society for Testing Materials,
_cc1961
300 _av, 105 p. :
_billus., diagrs., tables ;
_c24 cm.
490 1 _aASTM special technical publication
_vno. 293
500 _a"Sponsored by Subcommittee R-3 on Research on Special and Construction Control Tests."
504 _aIncludes bibliographical references.
650 0 _aSoils
_xAnalysis.
_930741
650 0 _aSoil moisture.
_945985
650 0 _aNuclear physics
_xInstruments.
_945986
942 _2ddc
_cBK
999 _c14763
_d14763